Issues in Music Education in Kenya (Record no. 17364)

MARC details
000 -LEADER
fixed length control field 00420nam a22001457a 4500
008 - FIXED-LENGTH DATA ELEMENTS--GENERAL INFORMATION
fixed length control field 190107b xxu||||| |||| 00| 0 eng d
020 ## - INTERNATIONAL STANDARD BOOK NUMBER
International Standard Book Number 9966702806
050 ## - LIBRARY OF CONGRESS CALL NUMBER
Classification number MT3
Item number .K4A38 2016 c.1
100 ## - MAIN ENTRY--PERSONAL NAME
Personal name Akuno, Emily Achieng
245 ## - TITLE STATEMENT
Title Issues in Music Education in Kenya
Remainder of title A handbook for Teachers of Music
250 ## - EDITION STATEMENT
Edition statement 2nd ed.
260 ## - PUBLICATION, DISTRIBUTION, ETC. (IMPRINT)
Place of publication, distribution, etc. Kisumu
Name of publisher, distributor, etc. Emak Music Services
Date of publication, distribution, etc. 2016
300 ## - PHYSICAL DESCRIPTION
Extent vi, 203p.
942 ## - ADDED ENTRY ELEMENTS (KOHA)
Source of classification or shelving scheme Library of Congress Classification
Koha item type General Collection
Holdings
Withdrawn status Lost status Source of classification or shelving scheme Not for loan Home library Current library Date acquired Total Checkouts Full call number Barcode Date last seen Price effective from Koha item type Date last checked out
    Library of Congress Classification   Kabarak, Main Campus Kabarak, Main Campus 07/01/2019   MT3 .K4A38 2016 c.1 022228 07/01/2019 07/01/2019 General Collection  
    Library of Congress Classification   Kabarak, Main Campus Kabarak, Main Campus 07/01/2019   MT3 .K4A38 2016 c.2 025738 07/01/2019 07/01/2019 General Collection  
    Library of Congress Classification   Kabarak, Main Campus Kabarak, Main Campus 07/01/2019   MT3 .K4A38 2016 c.3 025739 07/01/2019 07/01/2019 General Collection  
    Library of Congress Classification   Kabarak, Main Campus Kabarak, Main Campus 07/01/2019   MT3 .K4A38 2016 c.4 025740 07/01/2019 07/01/2019 General Collection  
    Library of Congress Classification   Kabarak, Main Campus Kabarak, Main Campus 07/01/2019   MT3 .K4A38 2016 c.5 025741 07/01/2019 07/01/2019 General Collection  
    Library of Congress Classification   Kabarak, Main Campus Kabarak, Main Campus 07/01/2019 1 MT3 .K4A38 2016 c.6 025742 21/03/2022 07/01/2019 General Collection 14/02/2022
    Library of Congress Classification   Kabarak, Main Campus Kabarak, Main Campus 07/01/2019   MT3 .K4A38 2016 c.7 025743 07/01/2019 07/01/2019 General Collection  
Designed with assistance from East African Informatics Ltd